Atlantis of the north /

Bibliographic Details
Main Author: Spanuth, Jürgen
Format: Book
Language:English
German
Published: New York : Van Nostrand Reinhold, 1980
Subjects:

MARC

Tag First Indicator Second Indicator Subfields
LEADER 00000cam a22000008i 4500
001 in00000688721
005 20151015172627.0
008 790629c19801979nyua b 00110 eng
010 |a  79018660  
020 |a 0442213662 :  |c $15.00 
035 |a (OCoLC)05196735 
035 |9 ADA2067AM 
040 |a DLC  |c DLC  |d TXA  |d UtOrBLW 
041 1 |a eng  |a ger 
049 |a TXAM  |c [1383959] 
050 0 0 |a GN751  |b .S47713 1980 
082 0 |a 398.2/34 
100 1 |a Spanuth, Jürgen. 
240 1 4 |a Die Atlanter. English 
245 1 0 |a Atlantis of the north /  |c Jurgen Spanuth. 
263 |a 8005 
264 1 |a New York :  |b Van Nostrand Reinhold,  |c 1980 
264 4 |c ©1979 
300 |a 302 pages :  |b illustrations ;  |c 24 cm. 
336 |a text  |b txt  |2 rdacontent 
337 |a unmediated  |b n  |2 rdamedia 
338 |a volume  |b nc  |2 rdacarrier 
500 |a Translation of Die Atlanter. 
500 |a [A Van Nostrand Reinhold book] 
500 |a Includes index. 
504 |a Bibliography: pages 277-292. 
650 0 |a Atlantis (Legendary place) 
999 |a MARS 
999 f f |s 88bce0cc-5fc9-3c27-a86c-2242f1747644  |i 58d7926b-ad3a-34bc-866a-28b292d69ced  |t 0 
952 f f |p ric  |a Texas A&M University  |b Rellis Campus  |c Joint Library Facility  |d Remote Storage  |t 0  |e GN751 .S47713 1980  |h Library of Congress classification  |i unmediated -- volume  |m A14802435931 
998 f f |a GN751 .S47713 1980  |t 0  |l Remote Storage